| 000 | 00861nmm a2200301 a 4500 | ||
|---|---|---|---|
| 003 | AR-X00000XY | ||
| 005 | 20251128211944.0 | ||
| 008 | 287020s2000 ||||||||||||||000 | spa|| | ||
| 040 | _cAR-X00000XY | ||
| 245 | 1 | 0 |
_aArgentina _bactitudes hacia los judíos y el holocausto : estudio de opinión pública |
| 260 |
_aBuenos Aires _bGallup Argentina _c2000 |
||
| 300 | 0 | _a[20 p.] | |
| 504 | _aEjemplar fotocopiado y encuadernado | ||
| 650 | 4 | _aESTUDIOS SOBRE LA COMUNIDAD | |
| 650 | 4 | _aOPINION PUBLICA | |
| 650 | 4 | _aJUDIOS | |
| 650 | 4 | _aANTISEMITISMO | |
| 650 | 4 | _aNAZISMO | |
| 650 | 4 | _aGENOCIDIO | |
| 650 | 4 | _aGRUPOS MINORITARIOS | |
| 650 | 4 | _aGRUPOS RELIGIOSOS | |
| 651 | 4 | _aArgentina | |
| 651 | 4 | _aIsrael | |
| 710 | 2 | _aAmerican Jewish Commitee | |
| 710 | 2 |
_9AMIA _aAsociación Mutual Israelita Argentina |
|
| 942 | _cBK | ||
| 998 | _cNancy | ||
| 999 |
_c21784 _d21784 |
||